Statistics for Countries that have been to the Moon

Click here to take the quiz!

General Stats

  • This quiz has been taken 29 times
  • The average score is 7 of 10

Answer Stats

TimesAnswer% Correct
1South Korea
96%
23Soviet Union
96%
32United States
96%
7China
93%
2Japan
93%
1India
86%
1Italy
61%
1Israel
46%
1United Arab Emirates
46%
1Luxembourg
4%

Score Distribution

Percentile by Number Answered

Percent of People with Each Score

Your Score History

You have not taken this quiz